| 000 | 00615nam a22001935i 4500 | ||
|---|---|---|---|
| 001 | 168519 | ||
| 003 | ES-MaACL | ||
| 005 | 20250830111233.0 | ||
| 008 | 080416s1973 sp |||| | spa d | ||
| 080 | _a282 | ||
| 100 | 1 |
_aMcKenzie, John L. _9137601 |
|
| 245 | 1 | 3 |
_aLa iglesia católica y romana / _cJohn L. Mac Kenzie ; [traducción: Manuel Gómez-Pallete]. |
| 260 |
_aMadrid : _bApostolado de la Prensa, _c[1973] |
||
| 300 |
_a252 p. ; _c23 cm. |
||
| 610 | 2 | 4 |
_aIglesia Católica _94639 |
| 700 | 1 |
_aGómez-Pallete, Manuel. _958097 |
|
| 852 |
_aES-MaACL _jC-53969 _986953 |
||
| 999 |
_c168519 _d168519 |
||